Score 0/14 Timer 03:00
0 Plays Today
Question Answer Wrong Answers
Romeo + Juliet Shakespeare
90.7%
Austen
5%
West Side Story Shakespeare
85.3%
Austen
10.4%
Scotland, PA Shakespeare
82.9%
Austen
12.2%
O Shakespeare
81.8%
Austen
13.5%
The Lizzie Bennet Diaries Austen
80.8%
Shakespeare
14.6%
10 Things I Hate About You Shakespeare
75.2%
Austen
20.3%
Hamlet (2000) Shakespeare
74.1%
Austen
21.1%
From Prada to Nada Austen
73.3%
Shakespeare
21.8%
Bridget Jones's Diary Austen
72.9%
Shakespeare
22.7%
Clueless Austen
70.9%
Shakespeare
25.1%
Lost in Austen Austen
68.6%
Shakespeare
27%
She's the Man Shakespeare
67.4%
Austen
28.2%
Scents and Sensibility Austen
65.8%
Shakespeare
29.3%
Bride and Prejudice Austen
54.1%
Shakespeare
41.7%

Today's Daily Dose

Missing Word
'M' Pairs

Quick Pick
'F' Video Games

Get the Picture
MCU Captains

You're not logged in!

Compare scores with friends on all Sporcle quizzes.
OR
Log In

Sporcle TV

Today on Sporcle TV


Watch our educational content, quiz creation guides, and fun videos on Sporcle TV.

Show Comments

Extras

Top Quizzes Today


Score Distribution

Paid Content

Your Account Isn't Verified!

In order to create a playlist on Sporcle, you need to verify the email address you used during registration. Go to your Sporcle Settings to finish the process.

Report this User

Report this user for behavior that violates our Community Guidelines.

Details: